Element Etymologies - Statistics

General Stats
  • This quiz has been taken 29 times
  • The average score is 11 of 15
Answer Stats
Hint Answer % Correct
alumen Aluminum
100%
Americas Americium
100%
antimonium (stibium) Antimony
100%
argós Argon
100%
arsenic Arsenic
100%
ástatos Astatine
100%
barýs Barium
100%
Berkeley Berkelium
100%
wismut Bismuth
100%
borax Boron
100%
caesius Caesium
100%
carbo Carbon
100%
chlōrós Chlorine
100%
kobold Cobalt
100%
cuprum Copper
100%
Pierre & Marie Curie Curium
100%
Albert Einstein Einsteinium
100%
Europe Europium
100%
fluo Fluorine
100%
Gallia Gallium
100%
Germania Germanium
100%
Hafnia Hafnium
100%
hḗlios Helium
100%
hydro- & -gen Hydrogen
100%
indicum Indium
100%
iode Iodine
100%
Iris Iridium
100%
isarnom (ferrum) Iron
100%
lithos Lithium
100%
Lawrence LivermoreNational Laboratory Livermorium
100%
Magnesia Magnesium
100%
Lise Meitner Meitnerium
100%
Mercury (hydrargyrum) Mercury
100%
néon Neon
100%
nitron & -gen Nitrogen
100%
Yuri Oganessian Oganesson
100%
oxy- & -gen Oxygen
100%
Pallas Palladium
100%
phōsphóros Phosphorus
100%
platina Platinum
100%
potassa (kalium) Potassium
100%
Prometheus Promethium
100%
proto- & actinium Protactinium
100%
radius Radium
100%
radium emanation Radon
100%
Rhenus Rhenium
100%
rhodóeis Rhodium
100%
Ernest Rutherford Rutherfordium
100%
Glenn Seaborg Seaborgium
100%
selḗnē Selenium
100%
sulfur Sulfur
100%
Tennessee Tennessine
100%
thallós Thallium
100%
Thule Thulium
100%
tung sten (wolfram) Tungsten
100%
Vanadis Vanadium
100%
xénon Xenon
100%
Ytterby Yttrium| Terbium| Erbium| Ytterbium
100%
zircon Zirconium
100%
calx Calcium
83%
Wilhelm Röntgen Roentgenium
83%
Niels Bohr Bohrium
80%
Nickel Nickel
80%
Strontian Strontium
80%
beryl Beryllium
75%
Holmia Holmium
75%
lanthánein Lanthanum
75%
Ernest Lawrence Lawrencium
75%
tekhnētós Technetium
75%
Alfred Nobel Nobelium
71%
osmḗ Osmium
71%
Ceres Cerium
67%
chróma Chromium
67%
kryptós Krypton
67%
Pluto Plutonium
67%
silex Silicon
67%
silber (argentum) Silver
67%
zinke Zinc
67%
rubidus Rubidium
63%
Scandia Scandium
63%
brômos Bromine
60%
gold (aurum) Gold
60%
Dmitri Mendeleev Mendelevium
60%
Tantalus Tantalum
60%
aktís Actinium
50%
Darmstadt Darmstadtium
50%
dysprósitos Dysprosium
50%
Enrico Fermi Fermium
50%
ɸloudom (plumbum) Lead
50%
magnesia negra Manganese
50%
Moscow Moscovium
50%
Neptune Neptunium
50%
Niobe Niobium
50%
Polonia Polonium
50%
prásios dídymos Praseodymium
50%
Ruthenia Ruthenium
50%
soda Sodium
50%
zinn (stannum) Tin
50%
Greek Titans Titanium
50%
Uranus Uranium
50%
néos dídymos Neodymium
40%
Nihon Nihonium
33%
tellus Tellurium
25%
cadmia Cadmium
0%
California Californium
0%
Nicolaus Copernicus Copernicium
0%
Dubna Dubnium
0%
Flerov Laboratory of Nuclear Reactons Flervoium
0%
France Francium
0%
gadolinite Gadolinium
0%
Hassia Hassium
0%
Lutetia Lutetium
0%
molýbdaina Molybednum
0%
samarskite Samarium
0%
Thor Thorium
0%
No matching quizzes found
Score Distribution
Percent of People with Each Score
Percentile by Number Answered
Your Score History
You have not taken this quiz